Royal Commission on Local Government in Scotland, 1966-1969: appendices (Record no. 488121)

000 -LEADER
fixed length control field 00474cam a22001337a 4500
008 - FIXED-LENGTH DATA ELEMENTS--GENERAL INFORMATION
fixed length control field 180718b1969 xxu||||| |||| 00| 0 eng d
082 ## - DEWEY DECIMAL CLASSIFICATION NUMBER
Classification number B706x41 Un3r/app
100 ## - MAIN ENTRY--PERSONAL NAME
Personal name Scotland. Royal Commission on Local Government in Scotland
245 ## - TITLE STATEMENT
Title Royal Commission on Local Government in Scotland, 1966-1969: appendices
260 ## - PUBLICATION, DISTRIBUTION, ETC.
Place of publication, distribution, etc. Edinburg
Name of publisher, distributor, etc. Her Majesty's Stationery Office
Date of publication, distribution, etc. 1969
300 ## - PHYSICAL DESCRIPTION
Extent 127+p.
500 ## - GENERAL NOTE
General note Chairman: Lord Wheatley
700 ## - ADDED ENTRY--PERSONAL NAME
Personal name Wheatley, Lord (Chairman)
Holdings
Withdrawn status Lost status Damaged status Not for loan Permanent Location Current Location Date acquired Full call number Barcode Date last seen Price effective from Koha item type
        Indian Institute of Public Administration Indian Institute of Public Administration 2018-08-04 B706x41 Un3r/app G10234 2018-08-04 2018-08-04 G

Powered by Koha